[Event "Uljanovsk op"]
[Site "Uljanovsk"]
[Date "2010.01.05"]
[Round "4"]
[White "Mikeev, Valery"]
[Black "Trushnikov, Viacheslav"]
[Result "1/2-1/2"]
[WhiteElo "1913"]
[BlackElo "2028"]
[PlyCount "115"]
[EventDate "2010.01.04"]
[EventType "swiss"]
[EventRounds "9"]
[EventCountry "RUS"]
[SourceTitle "CBM 134 Extra"]
[Source "ChessBase"]
[SourceDate "2010.03.03"]
[SourceVersion "1"]
[SourceVersionDate "2010.03.03"]
[SourceQuality "1"]

1. e4 c5 2. Nf3 Nc6 3. d4 cxd4 4. Nxd4 g6 5. Nc3 Bg7 6. Be3 Nf6 7. Bc4 Qa5 8. 0-0 0-0 9. Nb3 Qc7 10. f4 d6 11. Be2 h5 12. h3 b6 13. Bf3 Bb7 14. Nd4 Nxd4 15. Bxd4 Nd7 16. Bxg7 Kxg7 17. Kh1 Rac8 18. Rc1 Qc4 19. Re1 Rfd8 20. Qd3 Qxd3 21. cxd3 Ba6 22. d4 e6 23. Ne2 f6 24. Rc3 Rxc3 25. Nxc3 Rc8 26. Rd1 Rc7 27. Rd2 Rc8 28. Kh2 h4 29. g3 hxg3+ 30. Kxg3 Kf7 31. Bd1 Ke7 32. Ba4 Bb7 33. e5 fxe5 34. dxe5 d5 35. Bxd7 Kxd7 36. Nb5 Ba6 37. Nd4 Rc1 38. Nf3 Ke7 39. Kg4 Bc4 40. a3 Bb3 41. Kg5 Bc2 42. Kh6 Be4 43. Ng5 Bf5 44. Rd4 Rc4 45. Rxc4 dxc4 46. h4 b5 47. Nf3 a6 48. Nd4 Kf7 49. Kg5 Be4 50. Kg4 Bd5 51. Kg5 Bb7 52. h5 gxh5 53. Kxh5 Ke7 54. Kg4 Kf7 55. Kg5 Bd5 56. f5 exf5 57. Kxf5 Ke7 58. e6 1/2-1/2

[Event "Uljanovsk op"]
[Site "Uljanovsk"]
[Date "2010.01.05"]
[Round "3"]
[White "Trushnikov, Viacheslav"]
[Black "Anikin, Victor"]
[Result "1-0"]
[WhiteElo "2028"]
[BlackElo "1891"]
[PlyCount "87"]
[EventDate "2010.01.04"]
[EventType "swiss"]
[EventRounds "9"]
[EventCountry "RUS"]
[SourceTitle "CBM 134 Extra"]
[Source "ChessBase"]
[SourceDate "2010.03.03"]
[SourceVersion "1"]
[SourceVersionDate "2010.03.03"]
[SourceQuality "1"]

1. c4 Nf6 2. Nc3 d6 3. g3 g6 4. Bg2 Bg7 5. d4 Nbd7 6. e4 c6 7. Nf3 e5 8. 0-0 0-0 9. h3 a6 10. Be3 b5 11. cxb5 axb5 12. a3 Bb7 13. Re1 Qb8 14. dxe5 dxe5 15. Nh2 Rd8 16. Qe2 Ba6 17. Qc2 Nb6 18. Rad1 Nc4 19. Rxd8+ Qxd8 20. Rd1 Qe7 21. Bc1 Bc8 22. Qd3 Be6 23. Nf1 Nd7 24. Nd2 Nc5 25. Qf3 Nxd2 26. Bxd2 Bb3 27. Ra1 Rd8 28. Be3 Nd3 29. Qe2 Nc5 30. Nxb5 Nd3 31. Nc3 Bf8 32. Nd5 cxd5 33. Qxd3 Bc4 34. Qc2 Qb7 35. exd5 Bb3 36. Qc6 Qb8 37. Rc1 Kg7 38. Qb6 Qxb6 39. Bxb6 Rb8 40. Bc7 Re8 41. d6 Be6 42. b4 Kf6 43. Bc6 Rc8 44. d7 1-0

[Event "Uljanovsk op"]
[Site "Uljanovsk"]
[Date "2009.08.29"]
[Round "8"]
[White "Trushnikov, Viacheslav"]
[Black "Saveliev, Dmitri"]
[Result "0-1"]
[WhiteElo "1989"]
[BlackElo "2168"]
[PlyCount "82"]
[EventDate "2009.08.26"]
[EventType "swiss"]
[EventRounds "9"]
[EventCountry "RUS"]
[SourceTitle "CBM 132 Extra"]
[Source "ChessBase"]
[SourceDate "2009.11.03"]
[SourceVersion "1"]
[SourceVersionDate "2009.11.03"]
[SourceQuality "1"]

1. Nf3 Nf6 2. d4 g6 3. Bg5 Ne4 4. Bf4 Bg7 5. Nbd2 d5 6. c3 c5 7. e3 cxd4 8. exd4 Qb6 9. Qb3 Qxb3 10. Nxb3 Nc6 11. Ne5 f6 12. Nxc6 bxc6 13. f3 Nd6 14. 0-0-0 Kf7 15. Re1 Re8 16. Bd3 e5 17. dxe5 fxe5 18. Bg3 Bf5 19. Bc2 Bh6+ 20. Kb1 Nc4 21. Re2 a5 22. Bxf5 gxf5 23. Nc5 a4 24. Bf2 Ra5 25. b3 axb3 26. axb3 Nd2+ 27. Kb2 Rea8 28. Na4 Nxb3 29. Kxb3 Rxa4 30. Rb2 d4 31. cxd4 exd4 32. Kc2 Rc4+ 33. Kb1 d3 34. Rd1 Bg7 35. Rxd3 Bxb2 36. Kxb2 Rb8+ 37. Ka3 Rc1 38. Bd4 Rd8 39. Kb3 c5 40. Rc3 Rb8+ 41. Kc4 cxd4 0-1

[Event "Uljanovsk op"]
[Site "Uljanovsk"]
[Date "2009.08.29"]
[Round "7"]
[White "Zhdanov, Eduard"]
[Black "Trushnikov, Viacheslav"]
[Result "0-1"]
[WhiteElo "2018"]
[BlackElo "1989"]
[PlyCount "94"]
[EventDate "2009.08.26"]
[EventType "swiss"]
[EventRounds "9"]
[EventCountry "RUS"]
[SourceTitle "CBM 132 Extra"]
[Source "ChessBase"]
[SourceDate "2009.11.03"]
[SourceVersion "1"]
[SourceVersionDate "2009.11.03"]
[SourceQuality "1"]

1. Nf3 Nf6 2. d4 d5 3. e3 Bg4 4. h3 Bh5 5. g4 Bg6 6. Ne5 Nbd7 7. h4 h6 8. Nxg6 fxg6 9. Bd3 Kf7 10. h5 g5 11. Bg6+ Kg8 12. Bf5 Kf7 13. Bg6+ Ke6 14. Qf3 Kd6 15. b3 Kc6 16. c4 e6 17. a3 Nb6 18. Bb2 Kd7 19. c5 Nc8 20. b4 b6 21. 0-0 a5 22. Nd2 b5 23. a4 Ne7 24. Bd3 bxa4 25. b5 Qe8 26. Qg3 g6 27. Qe5 Qf7 28. c6+ Kc8 29. hxg6 Nxg6 30. Bxg6 Qxg6 31. Qxe6+ Kd8 32. Nf3 Rh7 33. Ne5 Qg7 34. f4 Be7 35. Ba3 Bxa3 36. Rxa3 Qe7 37. Qxe7+ Kxe7 38. fxg5 hxg5 39. Rxa4 Ke6 40. Nf3 Ne4 41. Kg2 Rah8 42. Rg1 Rh3 43. Ne5 Rh2+ 44. Kf1 Rf2+ 45. Ke1 Rhh2 46. Ra3 Rb2 47. Rd3 Nc3 0-1

[Event "Uljanovsk op"]
[Site "Uljanovsk"]
[Date "2009.08.27"]
[Round "4"]
[White "Trushnikov, Viacheslav"]
[Black "Poletaev, Vitaly"]
[Result "1-0"]
[WhiteElo "1989"]
[BlackElo "2111"]
[PlyCount "109"]
[EventDate "2009.08.26"]
[EventType "swiss"]
[EventRounds "9"]
[EventCountry "RUS"]
[SourceTitle "CBM 132 Extra"]
[Source "ChessBase"]
[SourceDate "2009.11.03"]
[SourceVersion "1"]
[SourceVersionDate "2009.11.03"]
[SourceQuality "1"]

1. c4 e5 2. Nc3 f5 3. e3 Nf6 4. d4 e4 5. h4 d5 6. cxd5 Nxd5 7. Bc4 c6 8. Nge2 Be6 9. Qb3 Bb4 10. Bxd5 Bxc3+ 11. Nxc3 cxd5 12. Qxb7 Qd7 13. Qxd7+ Kxd7 14. b3 Na6 15. Ba3 Rhc8 16. Kd2 Rab8 17. Rac1 Bf7 18. Na4 h6 19. Rxc8 Rxc8 20. Rc1 Rxc1 21. Kxc1 g5 22. hxg5 hxg5 23. Bc5 Kc6 24. a3 Kb7 25. Be7 g4 26. Bd6 Be8 27. Nc3 Bf7 28. Kd2 Kc6 29. Be5 Be6 30. Ke2 Nc7 31. Bxc7 Kxc7 32. b4 Kd6 33. Kf1 Bd7 34. Kg1 a6 35. Kh2 Ke6 36. Kg3 Bc6 37. Kf4 Bd7 38. Kg5 Be8 39. g3 Bd7 40. Ne2 Kd6 41. Kf6 Bc8 42. Nc1 Kc6 43. a4 Kd6 44. Nb3 Bd7 45. Nc5 Bc8 46. Kf7 Kc6 47. Ke7 Kc7 48. Ke8 f4 49. gxf4 Kb6 50. Ke7 Kc6 51. Kf6 Kd6 52. Kg5 Ke7 53. b5 axb5 54. axb5 Kd6 55. b6 1-0

[Event "Uljanovsk op"]
[Site "Uljanovsk"]
[Date "2009.08.26"]
[Round "1"]
[White "Pirogov, Vyatchslav"]
[Black "Trushnikov, Viacheslav"]
[Result "1-0"]
[WhiteElo "2382"]
[BlackElo "1989"]
[PlyCount "63"]
[EventDate "2009.08.26"]
[EventType "swiss"]
[EventRounds "9"]
[EventCountry "RUS"]
[SourceTitle "CBM 132 Extra"]
[Source "ChessBase"]
[SourceDate "2009.11.03"]
[SourceVersion "1"]
[SourceVersionDate "2009.11.03"]
[SourceQuality "1"]

1. e4 e5 2. Nf3 Nc6 3. Nc3 Nf6 4. d4 exd4 5. Nxd4 d6 6. Nxc6 bxc6 7. Bd3 Be7 8. 0-0 0-0 9. f4 Nd7 10. Be3 a5 11. Kh1 Ba6 12. Bxa6 Rxa6 13. Qd3 Ra8 14. Rad1 Nb6 15. b3 Qc8 16. Bd4 c5 17. Bg1 a4 18. e5 axb3 19. axb3 dxe5 20. fxe5 Rd8 21. Qf3 Qe6 22. Rde1 c4 23. Nb5 Rac8 24. Na7 Ra8 25. Nc6 Rf8 26. Nd4 Qg6 27. Nf5 Ba3 28. Re4 Qe6 29. Rg4 g6 30. Qf4 Bb2 31. Qh6 Qxe5 32. Rh4 1-0

[Event "Uljanovsk"]
[Site "Uljanovsk"]
[Date "2009.01.10"]
[Round "14"]
[White "Nikiforov, Alexander"]
[Black "Trushnikov, Viacheslav"]
[Result "1/2-1/2"]
[WhiteElo "1827"]
[BlackElo "1989"]
[PlyCount "63"]
[EventDate "2009.01.02"]
[EventType "tourn"]
[EventRounds "15"]
[EventCountry "RUS"]
[SourceTitle "EXT 2012"]
[Source "ChessBase"]
[SourceDate "2011.11.24"]
[SourceVersion "1"]
[SourceVersionDate "2011.11.24"]
[SourceQuality "1"]

1. e4 c5 2. Nf3 Nc6 3. d4 cxd4 4. Nxd4 g6 5. Be3 Bg7 6. c3 Nf6 7. f3 0-0 8. Nd2 d5 9. Bd3 dxe4 10. Nxe4 Nxd4 11. Bxd4 Nxe4 12. Bxe4 Bxd4 13. Qxd4 Qxd4 14. cxd4 Rd8 15. Rd1 Rb8 16. Kf2 b6 17. Rd2 Ba6 18. Rc1 Rbc8 19. Rc3 Rxc3 20. bxc3 Bc4 21. Ke3 e5 22. a3 exd4+ 23. Rxd4 Rxd4 24. Kxd4 Bf1 25. g3 Kf8 26. Kd5 Ke7 27. Kc6 a6 28. f4 g5 29. Kb7 Kd6 30. h4 gxh4 31. gxh4 Be2 32. Bxh7 1/2-1/2